000 00709nam a2200169 a 4500
008 120416s2003 ||||||||||||||||| || u
050 _aIBRD(02)
100 _aTenev, Stoyan
245 1 0 _aInformality and the playing field in Vietnam's business sector
_cBy Stoyan Tenev, Amanda Carlier, Omar Chaudry, and Quynh-Trang Nguyen
260 _aWashington, D.C.
_bWorld Bank
_c2003
350 _a0.00
650 _aBUSINESS ENTERPRISES--VIETNAM
650 _aVIETNAM--ECONOMIC POLICY
650 _aVIETNAM--ECONOMIC CONDITIONS
710 _aWorld Bank
995 _D0.00
_FCBU-MAIN LIBRARY (Kitwe)
_H1
_I0.00
_M1
_UAVAILABLE
_WDec 11, 2007
_ZInternational Publications
999 _c46846
_d46846